00987cam a22002774a 4500001000500000005001700005020001800022020001800040040002300058050001000081082001200091100001900103245007800122250010300200260003400303300001100337500007500348505000600423520013700429521001800566521001800584650004100602650002000643650001500663700003100678205920250429083022.0 a9780439927840 a9780439927840 aDLCcDLCdDLCbeng00aTL14700a629.2251 aMayo, Margaret10aDig dig digging /cwritten by Margaret Mayo ; illustrated by Alex Ayliffe aFirst Scholastic printing, November 2006bOriginally published in England in 2001 by Orchard books aNew York :bScholastic,c2002 c29 cm. a"Originally published in England in 2001 by Orchard Books"--T.p. verso aK aSimple rhymes introduce various large vehicles, such as dump trucks, fire engines, and tractors, and describe the work that they do. a540 bLexile  aK bRaz-Plus  0aMotor vehiclesvJuvenile literature. 1aMotor vehicles. 1aTechnology1 aAyliffe, Alexeillustrator